000 00323nam a22001457a 4500
008 230206b ||||| |||| 00| 0 eng d
020 _a9780321646323
041 _aeng
080 _2TENTH EDITION
_a51
082 _a51LIA
100 _a20
101 _aMATE
245 _aMATHEMATICS
_cLIAL HUNGERFORD
942 _2udc
_cBK
999 _c59313
_d59313